000 00844nam a22002417a 4500
005 20230830145749.0
008 180816t sp d gr|||| 00| 0 spa|d
020 _a8420689831 (o. c.)
020 _a8420681105 (t. 2)
050 0 4 _aQA276.2
_bP46 1989
100 1 _aPeña Sánchez de Rivera, Daniel
240 _a :
245 1 0 _aEstadística
_b : modelos y métodos
_c / Daniel Peña Sánchez de Rivera.
250 _a2a ed.
260 _aMadrid :
_bAlianza,
_c1989
300 _a745 p. :
_bil. ;
_c23 cm
490 0 _aAlianza Universidad Textos ;
_vno. 110
504 _aIncluye bibliografía e índice
505 0 _tV. 1 Fundamentos --
_tV. 2 Modelos lineales y series temporales
650 7 _2lemb
_aEstadística matemática
_xProblemas, ejercicios, etc.
650 7 _2lemb
_aEstadística
_xMétodos gráficos
942 _2lcc
_cLIB
999 _c119417
_d119417